17th International conference of young specialists on micro/nanotechnologies and electron devices, Erlagol, Altai, 30 June - 4 July, 2016 (Запись № 11337253)

Подробности
000 -МАРКЕР
контрольное поле 02091nam0a2200409 4500
001 - ИДЕНТИФИКАТОР ЗАПИСИ
контрольное поле RU\NLR\BIBL_A\011368483
005 - ИДЕНТИФИКАТОР ВЕРСИИ
контрольное поле 20260409072043.0
010 ## - МЕЖДУНАРОДНЫЙ СТАНДАРТНЫЙ НОМЕР КНИГИ (ISBN)
Номер (ISBN) 978-5-94301-628-8
Тираж 36
021 ## - НОМЕР ГОСУДАРСТВЕННОЙ РЕГИСТРАЦИИ
Код страны российская федерация
Номер 2017-18392
Номер Листа государственной регистраци 1357
035 ## - ДРУГИЕ СИСТЕМНЫЕ НОМЕРА
Идентификатор записи (RuMoRGB)008825636
035 ## - ДРУГИЕ СИСТЕМНЫЕ НОМЕРА
Идентификатор записи (NLR Aleph) 011368483
100 ## - ДАННЫЕ ОБЩЕЙ ОБРАБОТКИ
Данные общей обработки 20170417d2016 |||y0rusy50 ca
101 0# - ЯЗЫК РЕСУРСА
Язык текста, звукозаписи и т.д. английский
102 ## - СТРАНА ПУБЛИКАЦИИ ИЛИ ПРОИЗВОДСТВА
Страна публикации российская федерация
105 ## - ПОЛЕ КОДИРОВАННЫХ ДАННЫХ: ТЕКСТОВЫЕ МАТЕРИАЛЫ, МОНОГРАФИЧЕСКИЕ
Кодированные данные о монографическом текстовом документе ac z 101zy
200 1# - ЗАГЛАВИЕ И СВЕДЕНИЯ ОБ ОТВЕТСТВЕННОСТИ
Основное заглавие 17th International conference of young specialists on micro/nanotechnologies and electron devices, Erlagol, Altai, 30 June - 4 July, 2016
Сведения, относящиеся к заглавию proceedings
210 ## - ПУБЛИКАЦИЯ, РАСПРОСТРАНЕНИЕ И ДР.
Место издания, распространения и т.д. Novosibirsk
Имя издателя, распространителя и т. д. Novosibirsk state technical university
Дата издания, распространения и т.д. 2016
215 ## - ФИЗИЧЕСКАЯ ХАРАКТЕРИСТИКА
Специфическое обозначение материала и объем XIII, 671, [3] с.
Другие сведения о физической характеристике ил., портр.
Размеры 29
300 ## - ОБЩИЕ ПРИМЕЧАНИЯ
Текст примечания В надзаг.: IEEE
320 ## - ПРИМЕЧАНИЯ О НАЛИЧИИ В ДОКУМЕНТЕ БИБЛИОГРАФИИ / УКАЗАТЕЛЯ
Текст примечания Библиогр. в конце докл.
320 ## - ПРИМЕЧАНИЯ О НАЛИЧИИ В ДОКУМЕНТЕ БИБЛИОГРАФИИ / УКАЗАТЕЛЯ
Текст примечания Указ. в конце кн.
512 1# - ЗАГЛАВИЕ ОБЛОЖКИ
Заглавие обложки EDM 2016
606 ## - НАИМЕНОВАНИЕ ТЕМЫ КАК ПРЕДМЕТ
Наименование темы Радиоэлектроника -- Радиотехника -- Радиоэлектронная аппаратура -- Микроэлектроника -- Наноэлектроника -- Материалы конференции
Код системы rubbk
606 1# - НАИМЕНОВАНИЕ ТЕМЫ КАК ПРЕДМЕТ
Наименование темы Микроэлектроника
Формальный подзаголовок Съезды, совещания и т.п
Системный номер авторитетной/нормативной записи 2094897
Идентификатор авторитетной/нормативной записи RU\NLR\AUTH\661267605
606 ## - НАИМЕНОВАНИЕ ТЕМЫ КАК ПРЕДМЕТ
Наименование темы Нанотехнологии
Формальный подзаголовок Съезды, совещания и т.п
Идентификатор авторитетной/нормативной записи RU\NLR\AUTH\66830353
Системный номер авторитетной/нормативной записи 1835426
606 1# - НАИМЕНОВАНИЕ ТЕМЫ КАК ПРЕДМЕТ
Наименование темы Электронные приборы
Формальный подзаголовок Съезды, совещания и т.п
Системный номер авторитетной/нормативной записи 894803
Идентификатор авторитетной/нормативной записи RU\NLR\AUTH\664069
686 ## - ИНДЕКСЫ ДРУГИХ КЛАССИФИКАЦИЙ
Индекс З844.19я431(0)
Код системы
686 1# - ИНДЕКСЫ ДРУГИХ КЛАССИФИКАЦИЙ
Индекс З844.1я431
686 1# - ИНДЕКСЫ ДРУГИХ КЛАССИФИКАЦИЙ
Индекс З85я431
710 12 - НАИМЕНОВАНИЕ ОРГАНИЗАЦИИ - ПЕРВИЧНАЯ ОТВЕТСТВЕННОСТЬ
Графика поля Латинская
Материалы, к которым относится поле eng
Начальный элемент ввода International conference of young specialists on micro/nanotechnologies and electron devices
Порядковый номер временной организации и / или порядковый номер ее части 17
Место проведения временной организации Erlagol
Дата проведения временной организации 2016
Системный номер авторитетной/нормативной записи 556222
Идентификатор авторитетной/нормативной записи RU\NLR\AUTH\880446315
830 ## - ОБЩЕЕ ПРИМЕЧАНИЕ, СОСТАВЛЕННОЕ КАТАЛОГИЗАТОРОМ
Текст примечания 17-я Международная конференция молодых специалистов микро/нанотехнологий и электронных устройств.
942 ## - ДОПОЛНИТЕЛЬНЫЕ ЭЛЕМЕНТЫ ЗАПИСИ (АБИС)
Тип экземпляра АБИС Книга
980 ## - КОЛЛЕКЦИЯ
Название коллекции Национальная библиография
Экземпляры
Тип экземпляра Дата поступления Источник поступления Библиотека постоянного хранения Библиотека текущего хранения Место хранения Шифр хранения Штрих-код Статус не для выдачи
Книга 17.04.2017 Обязательный экземпляр РНБ (Московский) РНБ (Московский) Иностранный книжный фонд Ик 2017-8/59 1-1822244